Disney Animated Movies with Animals in the Title - Statistics

General Stats
  • This quiz has been taken 112 times
    55 since last reset
  • The average score is 7 of 13
Answer Stats
Year Disney Animated Movie % Correct
1994 The Lion King
87%
1961 One Hundred and One Dalmatians
74%
1970 The Aristocats
65%
1981 The Fox and the Hound
65%
2009 The Princess and the Frog
65%
2003 Brother Bear
57%
2005 Chicken Little
57%
2021 Raya and the Last Dragon
57%
1986 The Great Mouse Detective
57%
1991 Beauty and the Beast
52%
2000 Dinosaur
48%
1973 Robin Hood
30%
1949 The Adventures of Ichabod and Mr. Toad
30%
No matching quizzes found
Score Distribution
Percent of People with Each Score
Percentile by Number Answered
Your Score History
You have not taken this quiz since the last reset